Olivorio Mateo : (Registro nro. 7569)
[ vista simple ]
| 000 -LIDER | |
|---|---|
| fixed length control field | 00888nam a2200277 a 4500 |
| 001 - NÚMERO DE CONTROL | |
| Identificador de número de control | 000026372 |
| 003 - IDENTIFICACDOR DE NÚMERO DE CONTROL | |
| control field | DO-SdBNP |
| 005 - DATE AND TIME OF LATEST TRANSACTION | |
| control field | 20180323144509.0 |
| 007 - CAMPOS FIJOS DE DESCRIPCIÓN FÍSICA | |
| fixed length control field | 000026372 |
| 008 - ELEMENTOS DE LONGITUD FIJA | |
| fixed length control field | 081127s2003 dr a 000 0 spa d |
| 020 ## - ISBN | |
| International Standard Book Number | 9945406000 |
| 040 ## - FUENTE DE CATALOGACIÓN | |
| Agencia que crea de manera original el registro | BPMSU |
| Idioma de catalogación | spa |
| Agencia que realiza la transcripción | BPMSU |
| 092 ## - LOCALLY ASSIGNED DEWEY DECIMAL CALL NUMBER | |
| Número de clasificación | 922.9 |
| Número de ítem (Cutter) | M425C |
| 100 1# - ASIENTO PRINCIPAL -- NOMBRE PERSONAL | |
| Nombre personal | Cassá, Roberto, |
| Fechas asociadas con el nombre | 1948- |
| 245 10 - MENCIÓN DE TITULO | |
| Título | Olivorio Mateo : |
| Subtítulo | el profeta de la Maguana / |
| Mención de responsabilidad | Roberto Cassá ;ilustraciones Ramiro Manzano. |
| 260 ## - PUBLICACIÓN, DISTRIBUCIÓN, ETC. (PIE DE IMPRENTA) | |
| Lugar de publicación, distribución, etc | Santo Domingo : |
| Nombre del editor, distribuidor, etc. | Tobogán, |
| Fecha de publicación, distribución, etc | 2003 |
| Impresor | Editora Alfa & Omega |
| 300 ## - DESCRIPCIÓN FÍSICA | |
| Extensión | 76 p. : |
| Otros detalles físicos | il. ; |
| Dimensiones | 21 cm. |
| 490 0# - MENCIÓN DE SERIES | |
| Mención de serie | Biografías dominicanas Tobogán |
| 600 14 - ENCABEZAMIENTO DE MATERIA--NOMBRE PERSONAL | |
| Nombre personal | MATEO, OLIVORIO |
| 651 #4 - ENCABEZAMIENTO DE MATERIA--NOMBRE GEOGRÁFICO | |
| Nombre geográfico | REPÚBLICA DOMINICANA |
| Subdivisión temática general | BIOGRAFÍAS |
| 700 1# - ASIENTO SECUNDARIO -- NOMBRE PERSONAL | |
| Nombre personal | Manzano, Ramiro, |
| Mención de responsabilidad | il. |
| 830 #0 - ASIENTO SECUNDARIO DE SERIE--TÍTULO UNIFORME | |
| Título uniforme | Biografías dominicanas Tobogán |
| 942 ## - ADDED ENTRY ELEMENTS (KOHA) | |
| Source of classification or shelving scheme | Dewey Decimal Classification |
| Koha item type | Libros |
| 945 ## - INFORMACIÓN DE PROCESAMIENTO LOCAL | |
| Información de procesamiento local | Remanejado para la BNPHU / VM |
| 956 ## - LOCAL ELECTRONIC LOCATION AND ACCESS (OCLC) | |
| Nombre de host | VMATEO |
| Número de acceso | 10 |
| Información de compresión | 20150712 |
| Inicio de sesión | BPMSU |
| Procesador de solicitud | 00151 |
| Withdrawn status | Lost status | Source of classification or shelving scheme | Damaged status | Not for loan | Home library | Current library | Date acquired | Total Checkouts | Full call number | Barcode | Date last seen | Price effective from | Koha item type | Copy number |
|---|---|---|---|---|---|---|---|---|---|---|---|---|---|---|
| Dewey Decimal Classification | Biblioteca Pública Metropolitana Salomé Ureña | Biblioteca Pública Metropolitana Salomé Ureña | 03/06/2015 | 922.9 M425c | BPMSU15040300 | 03/06/2015 | 03/06/2015 | Libros | ||||||
| Dewey Decimal Classification | Biblioteca Pública Metropolitana Salomé Ureña | Biblioteca Pública Metropolitana Salomé Ureña | 03/06/2015 | 922.9 M425c | BPMSU15040301 | 03/06/2015 | 03/06/2015 | Libros | e. 2 | |||||
| Dewey Decimal Classification | Biblioteca Pública Metropolitana Salomé Ureña | Biblioteca Pública Metropolitana Salomé Ureña | 07/14/2015 | 922.9 M425c | BPMSU15070201 | 07/14/2015 | 07/14/2015 | Libros | e. 3 |